Biggest Cities in Tripura - Statistics

General Stats
  • This quiz has been taken 13 times
  • The average score is 3 of 10
Answer Stats
Population City % Correct
400,004 Agartala
100%
40,595 Dharmanagar
40%
32,758 Udaipur
40%
19,996 Belonia
30%
22,405 Kailasahar
20%
18,526 Khowai
20%
21,085 Bishalgarh
10%
19,598 Charipara
10%
21,032 Teliamura
10%
16,941 Dukli
0%
No matching quizzes found
Score Distribution
Percent of People with Each Score
Percentile by Number Answered
Your Score History
You have not taken this quiz